| 000 | 00674nam a22001937a 4500 | ||
|---|---|---|---|
| 005 | 20251108175956.0 | ||
| 008 | 250721s2024 xx 000 0 ara d | ||
| 082 | 1 | 4 | _a616.8585/لين |
| 100 | 1 |
_aالكيلاني، بسمه _eمترجم |
|
| 245 | 1 | 0 | _aالعلاج المعرفي السلوكي لاضطراب الشخصية الحدية / |
| 264 | 1 |
_aعمان : _bدار الفكر للنشر والتوزيع، _c2024. |
|
| 300 | _a640ص. | ||
| 650 | 1 | 7 | _aاضطرابات الشخصية الحدية |
| 650 | 1 | 7 | _aعلم النفس الانفعالي |
| 650 | 1 | 7 | _aالعلاج النفسي |
| 700 | 1 | _alinehan، marsha | |
| 942 |
_2ddc _cBK |
||
| 999 |
_c146845 _d146845 |
||